00214 a2200109 4500001000700000020000600007040001100013100002400024240002600048245002100074362000900095170866 a  cMagnum aAmorim, Luiz Carlos10aO poder interiorlpor10aO poder interior0 a1899